<?xml version="1.0" encoding="UTF-8"?>
<record
    xmlns:xsi="http://www.w3.org/2001/XMLSchema-instance"
    xsi:schemaLocation="http://www.loc.gov/MARC21/slim http://www.loc.gov/standards/marcxml/schema/MARC21slim.xsd"
    xmlns="http://www.loc.gov/MARC21/slim">

  <leader>00645nab a2200193 uc4500</leader>
  <controlfield tag="001">447741</controlfield>
  <controlfield tag="005">20240201131320.0</controlfield>
  <controlfield tag="008">990608e19970401                    spa  </controlfield>
  <datafield tag="035" ind1=" " ind2=" ">
    <subfield code="a">447741</subfield>
  </datafield>
  <datafield tag="035" ind1=" " ind2=" ">
    <subfield code="a">(OCoLC)819785040</subfield>
  </datafield>
  <datafield tag="040" ind1=" " ind2=" ">
    <subfield code="c">comduadb</subfield>
  </datafield>
  <datafield tag="041" ind1=" " ind2=" ">
    <subfield code="a">spa</subfield>
  </datafield>
  <datafield tag="100" ind1="1" ind2="0">
    <subfield code="a">Murillo Herrera, Guillermo</subfield>
    <subfield code="4">aut</subfield>
    <subfield code="e">aut</subfield>
    <subfield code="9">321304</subfield>
  </datafield>
  <datafield tag="245" ind1="1" ind2="0">
    <subfield code="a">Experiencias empresariales asociativas en colombia : Factores de exito o fracaso</subfield>
  </datafield>
  <datafield tag="650" ind1=" " ind2=" ">
    <subfield code="a">Autogesti&#xF3;n</subfield>
    <subfield code="9">4718</subfield>
  </datafield>
  <datafield tag="650" ind1=" " ind2=" ">
    <subfield code="a">Empresas asociativas</subfield>
    <subfield code="9">34047</subfield>
  </datafield>
  <datafield tag="773" ind1="0" ind2=" ">
    <subfield code="t">Planeaci&#xF3;n y Desarrollo (Bogot&#xE1;)</subfield>
    <subfield code="g">Vol. 28, No. 02, Abr.-Jun. 1997, p. 67-85</subfield>
    <subfield code="w">258197</subfield>
    <subfield code="x">0034-8686</subfield>
    <subfield code="0">96163</subfield>
  </datafield>
  <datafield tag="942" ind1=" " ind2=" ">
    <subfield code="c">ARIMP</subfield>
  </datafield>
  <datafield tag="999" ind1=" " ind2=" ">
    <subfield code="c">117293</subfield>
    <subfield code="d">117293</subfield>
  </datafield>
</record>
